[Event "Brno CEZ Talent"]
[Site "?"]
[Date "2013.08.31"]
[Round "8"]
[White "Lanc, Alois"]
[Black "Kireev, Alexei"]
[Result "0-1"]
[WhiteElo "2363"]
[BlackElo "2337"]
[PlyCount "126"]

1. e4 d6 2. d4 g6 3. Nc3 c6 4. f4 d5 5. Nf3 dxe4 6. Nxe4 Bf5 7. Nc3 Nf6 8. Bc4
Bg7 9. Ne5 Nd5 10. Qf3 Bxe5 11. Nxd5 Bxd4 12. Ne3 e6 13. c3 Bb6 14. Bd2 h5 15.
O-O-O Nd7 16. Rhe1 Nf6 17. Nxf5 gxf5 18. Be3 Qe7 19. Bd3 Bxe3+ 20. Qxe3 Nd5 21.
Qd4 O-O-O 22. Qxa7 Nxf4 23. Ba6 Qc7 24. g3 Nd5 25. Qa8+ Qb8 26. Bxb7+ Kc7 27.
Qxb8+ Rxb8 28. Ba6 h4 29. Bf1 hxg3 30. hxg3 Rbg8 31. c4 Nf6 32. Re3 Rh2 33. Ra3
Rb8 34. Ra7+ Rb7 35. Rxb7+ Kxb7 36. a3 Kc7 37. Bd3 Rg2 38. b4 Ra2 39. Kb1 Rxa3
40. Kb2 Ra8 41. Rf1 Rg8 42. Rf3 Rg5 43. Kc3 Nh5 44. g4 Rxg4 45. Bxf5 Rg5 46.
Bd3 f5 47. Rf2 Ng3 48. Ra2 Kb7 49. Rh2 Rg7 50. Rh6 e5 51. Re6 e4 52. Bc2 Ne2+
53. Kb2 Rg2 54. Re7+ Kc8 55. Ka3 Kd8 56. Rf7 Nd4 57. Bd1 e3 58. b5 cxb5 59.
cxb5 Nxb5+ 60. Kb4 Nd6 61. Rh7 e2 62. Bxe2 Rxe2 63. Kc5 Rd2 0-1

[Event "Brno CEZ Talent"]
[Site "?"]
[Date "2013.08.31"]
[Round "8"]
[White "Kuchynka, Lukas"]
[Black "Kulovana, Eva"]
[Result "1/2-1/2"]
[WhiteElo "2316"]
[BlackElo "2250"]
[PlyCount "30"]

1. d4 c5 2. e3 cxd4 3. exd4 d5 4. c4 Nf6 5. Nc3 Nc6 6. Bg5 Be6 7. g3 Qa5 8. Bg2
Rd8 9. Bxf6 exf6 10. c5 b6 11. cxb6 Qxb6 12. Nge2 g6 13. O-O Bh6 14. Na4 Qb8
15. b3 O-O {(R)} 1/2-1/2

[Event "Brno CEZ Talent"]
[Site "?"]
[Date "2013.08.31"]
[Round "8"]
[White "Zwardon, Vojtech"]
[Black "Kratochvil, Karel"]
[Result "1-0"]
[WhiteElo "2384"]
[BlackElo "2233"]
[PlyCount "147"]

1. c4 e6 2. Nc3 d5 3. e3 c5 4. cxd5 exd5 5. d4 Nf6 6. Nf3 Nc6 7. Be2 Bf5 8. O-O
c4 9. b3 Bb4 10. Bd2 Qa5 11. Qe1 cxb3 12. axb3 Qd8 13. Bb5 O-O 14. Bxc6 bxc6
15. Nxd5 Qxd5 16. Bxb4 Rfb8 17. Ra5 Rb5 18. Ne5 Nd7 19. Nxd7 Qxd7 20. Qc3 Rab8
21. Rxb5 Rxb5 22. Bc5 h5 23. f3 a5 24. e4 Be6 25. b4 a4 26. d5 cxd5 27. Rd1 Rb8
28. exd5 Ra8 29. b5 Bf5 30. b6 Qb5 31. d6 h4 32. Rd5 Qb1+ 33. Kf2 Bd7 34. Rd2
Re8 35. Rb2 Qh1 36. b7 h3 37. Kg3 hxg2 38. b8=Q g1=Q+ 39. Bxg1 Qxg1+ 40. Rg2
Qxg2+ 41. Kxg2 Rxb8 42. Qc7 Rb2+ 43. Kg3 Bb5 44. Qc3 Rb3 45. Qc8+ Kh7 46. d7
Bxd7 47. Qxd7 a3 48. Qxf7 a2 49. Qh5+ Kg8 50. Qa5 Rb2 51. h4 Rd2 52. Kg4 Kh7
53. f4 Rb2 54. Qa6 Rg2+ 55. Kf3 Rb2 56. f5 Rb5 57. Kf4 Rb2 58. h5 Rh2 59. Kg3
a1=Q 60. Qxa1 Rxh5 61. Qb1 Kh8 62. Kg4 Rh6 63. Kg5 Kg8 64. Qb7 Kh7 65. Qf7 Kh8
66. Kf4 Kh7 67. Ke5 Rb6 68. Qe6 Rb5+ 69. Ke4 Rb4+ 70. Kf3 Rh4 71. Qg6+ Kh8 72.
f6 Rh3+ 73. Kg2 Rh7 74. Qe8# 1-0

[Event "Brno CEZ Talent"]
[Site "?"]
[Date "2013.08.31"]
[Round "8"]
[White "Dobes, Vojtech"]
[Black "Karlik, Vladimir"]
[Result "1/2-1/2"]
[WhiteElo "2105"]
[BlackElo "2284"]
[PlyCount "32"]

1. e4 g6 2. d4 Bg7 3. Nc3 c6 4. Bc4 d6 5. Bb3 Nf6 6. Nf3 O-O 7. O-O Qc7 8. h3
a5 9. Qe2 e5 10. dxe5 dxe5 11. a4 Na6 12. Bc4 Nc5 13. b3 Ne6 14. Bxe6 Bxe6 15.
Ba3 Rfe8 16. Rad1 Rad8 {(R)} 1/2-1/2

[Event "Brno CEZ Talent"]
[Site "?"]
[Date "2013.08.31"]
[Round "8"]
[White "Kratochvil, Josef"]
[Black "Lakatos, Tomas"]
[Result "1/2-1/2"]
[WhiteElo "2241"]
[BlackElo "2087"]
[PlyCount "80"]

1. d4 g6 2. e4 Bg7 3. Be3 d6 4. Nc3 a6 5. a4 Nd7 6. g3 Ngf6 7. Bg2 e5 8. h3 O-O
9. Nge2 Ne8 10. O-O exd4 11. Bxd4 Bxd4 12. Nxd4 Ne5 13. Qe2 Ng7 14. Rad1 Be6
15. Nxe6 fxe6 16. f4 Nc6 17. e5 Qe7 18. exd6 cxd6 19. Rfe1 Kh8 20. Kh2 Qc7 21.
Ne4 Rad8 22. Ng5 e5 23. fxe5 dxe5 24. Rxd8 Nxd8 25. Qxe5 Qxc2 26. Qd6 Rg8 27.
Rd1 h6 28. Ne4 Nde6 29. Rd2 Qxa4 {(R)} 30. Nf6 Rf8 31. Qe5 Qb5 32. Rd5 Qc4 33.
Rd7 Qb5 34. Qxe6 Qxb2 35. Rxg7 Kxg7 36. Ne8+ Kh8 37. Nd6 Rf2 38. Qe8+ Kg7 39.
Qe7+ Kg8 40. Qe8+ Kg7 1/2-1/2

[Event "Brno CEZ Talent"]
[Site "?"]
[Date "2013.08.31"]
[Round "8"]
[White "Cip, Dalibor"]
[Black "Fiala, Vaclav"]
[Result "1/2-1/2"]
[WhiteElo "2103"]
[BlackElo "2192"]
[PlyCount "34"]

1. Nf3 d5 2. d4 Nf6 3. c4 g6 4. cxd5 Nxd5 5. e4 Nb6 6. h3 Bg7 7. Nc3 O-O 8. Be2
c5 9. dxc5 N6d7 10. Be3 Qa5 11. O-O Bxc3 12. bxc3 Rd8 13. Qc2 Nxc5 14. Rfd1
Rxd1+ 15. Rxd1 Nc6 16. Nd4 Ne6 17. Qb3 Qe5 {(R)} 1/2-1/2

[Event "Brno CEZ Talent"]
[Site "?"]
[Date "2013.08.31"]
[Round "8"]
[White "Musil, Jiri"]
[Black "Sremanak, Slavomir"]
[Result "1/2-1/2"]
[WhiteElo "2092"]
[BlackElo "2184"]
[PlyCount "90"]

1. d4 Nf6 2. c4 e6 3. Nf3 b6 4. a3 Bb7 5. Nc3 d5 6. cxd5 Nxd5 7. e4 Nxc3 8.
bxc3 Bxe4 9. Ne5 Bb7 10. Qh5 g6 11. Bb5+ c6 12. Qf3 Qc7 13. Bc4 Bg7 14. Bf4 Qe7
15. h4 Nd7 16. Nxc6 e5 17. Bg5 f6 18. Be3 e4 19. Nxe7 exf3 20. Bd5 fxg2 21. Rg1
Rb8 22. Bxb7 Rxb7 23. Nd5 Kf7 24. Rxg2 Rd8 25. Nb4 Rc7 26. Rc1 b5 27. a4 bxa4
28. c4 Nb6 29. c5 a5 30. Na6 Ra7 31. cxb6 Rxa6 32. Rc7+ Ke6 33. Rxg7 Kd5 34. b7
Rb6 35. Rc7 Rb8 36. Rc5+ Ke4 37. Kd2 Rb2+ 38. Kc3 Rb3+ 39. Kc2 R8xb7 40. Rg4+
Kf3 41. Rf4+ Ke2 42. Rxa5 R7b4 43. d5 Rb2+ 44. Kc3 R2b3+ 45. Kc2 Rb2+ {(R)}
1/2-1/2

[Event "Brno CEZ Talent"]
[Site "?"]
[Date "2013.08.31"]
[Round "8"]
[White "Kratochvil, Milan"]
[Black "Dvorak, Adam"]
[Result "0-1"]
[WhiteElo "2180"]
[BlackElo "2088"]
[PlyCount "50"]

1. d4 Nf6 2. c4 c5 3. d5 e6 4. Nc3 exd5 5. Nxd5 Nxd5 6. cxd5 d6 7. e4 g6 8. Bd2
Bg7 9. Bc3 O-O 10. Bd3 f5 11. Ne2 fxe4 12. Bxe4 Qh4 13. Bf3 Nd7 14. g3 Bxc3+
15. Nxc3 Qf6 16. Be2 Qxf2+ 17. Kd2 Ne5 18. Kc1 Bf5 19. Qe1 Qd4 20. Qg1 a6 21.
a4 b5 22. axb5 axb5 23. Rxa8 Rxa8 24. Qxd4 cxd4 25. Nd1 Rc8+ 0-1

[Event "Brno CEZ Talent"]
[Site "?"]
[Date "2013.08.31"]
[Round "8"]
[White "Blahynka, Martin"]
[Black "Richterova, Natasa"]
[Result "1/2-1/2"]
[WhiteElo "2166"]
[BlackElo "2059"]
[PlyCount "75"]

1. e4 c5 2. Nf3 e6 3. d4 cxd4 4. Nxd4 a6 5. Bd3 Nc6 6. Nxc6 dxc6 7. O-O e5 8.
Nd2 Bd6 9. Nc4 Bc7 10. a4 a5 11. b3 Be6 12. Bb2 Bxc4 13. Bxc4 Qxd1 14. Raxd1
Nf6 15. Ba3 Rd8 16. Rxd8+ Bxd8 17. Bd6 Nxe4 18. Bxe5 O-O 19. Re1 Nf6 20. Bc3
Re8 21. Rd1 Bc7 22. Kf1 Rd8 23. Rxd8+ Bxd8 24. Ke2 Ne4 25. Be5 Bb6 26. Bd3 f6
27. Bf4 Nc3+ 28. Kf3 Nd5 29. Bd2 g6 30. Bc4 Kf7 31. Be3 Bc7 32. Ke4 Ke6 33. h4
f5+ 34. Kd3 Kd6 35. c3 Nxe3 {(R)} 36. Kxe3 Ke5 37. Bg8 h6 38. Bf7 {(R)} 1/2-1/2

[Event "Brno CEZ Talent"]
[Site "?"]
[Date "2013.08.31"]
[Round "8"]
[White "Skoda, Martin"]
[Black "Vechet, Stanislav"]
[Result "1-0"]
[WhiteElo "2076"]
[BlackElo "2165"]
[PlyCount "156"]

1. e4 e5 2. Nf3 Nc6 3. Bb5 a6 4. Ba4 Nf6 5. O-O Be7 6. Re1 b5 7. Bb3 O-O 8. d4
d6 9. c3 Bg4 10. d5 Na5 11. Bc2 c6 12. dxc6 Qc7 13. Nbd2 Qxc6 14. Nf1 Nc4 15.
h3 Bd7 16. N3d2 Nb6 17. Ne3 g6 18. Qf3 a5 19. Ndf1 a4 20. a3 Kg7 21. Ng3 Rh8
22. Bd2 Nc4 23. Nxc4 bxc4 24. Rad1 h5 25. Nf1 Nh7 26. Qe3 Rab8 27. Rb1 Rb7 28.
Qe2 Rhb8 29. Bc1 Be6 30. Qd1 Ra8 31. f4 f6 32. f5 gxf5 33. exf5 Bf7 34. Ng3 h4
35. Qg4+ Kh8 36. Qxh4 Rg8 37. Be4 d5 38. Bf3 e4 39. Bh5 Bc5+ 40. Kf1 Bd6 41.
Ne2 Bxh5 42. Qxh5 Rbg7 43. g4 Qc7 44. Rd1 Qc5 45. Nd4 Re7 46. Be3 Bb8 47. Ke2
Qd6 48. Rf1 Qh2+ 49. Rf2 Qg3 50. Rd1 Rb7 51. Rd2 Bd6 52. Nc6 Rb5 53. Nb4 Bxb4
54. axb4 Qc7 55. h4 Ra8 56. g5 Kg8 57. Qg6+ Qg7 58. gxf6 Nxf6 59. Bd4 Qxg6 60.
fxg6 Nh5 61. Rf7 Ra6 62. Rh7 Ng3+ 63. Kd1 Rxg6 64. Rh8+ Kf7 65. Rf2+ Ke7 66. h5
Re6 67. h6 e3 68. Rg2 Nf5 69. h7 Rh6 70. Ke2 Nxd4+ 71. cxd4 Rxb4 72. Rg7+ Kf6
73. Ra7 Rxb2+ 74. Kxe3 Rb3+ 75. Kf2 Rh2+ 76. Kg1 Ra2 77. Rf8+ Ke6 78. Ra6+ Kd7
{...} 1-0

[Event "Brno CEZ Talent"]
[Site "?"]
[Date "2013.08.31"]
[Round "8"]
[White "Pekar, Vaclav"]
[Black "Uhmann, Jan ml."]
[Result "1-0"]
[WhiteElo "2146"]
[BlackElo "2046"]
[PlyCount "51"]

1. b3 e5 2. Bb2 Nc6 3. e3 d5 4. Bb5 e4 5. d3 Qg5 6. Kf1 Bg4 7. Ne2 O-O-O 8.
Bxc6 bxc6 9. Qd2 Nf6 10. Nd4 Bc5 11. Nxc6 Bf3 12. gxf3 exf3 13. Rg1 Ng4 14. Be5
Bd6 15. Nxa7+ Kb7 16. Bxd6 Rxd6 17. Qb4+ Kxa7 18. Qxg4 Qh6 19. Nd2 d4 20. Re1
Re8 21. Nxf3 f5 22. Qxg7 Qh3+ 23. Ke2 Kb7 24. Nxd4 f4 25. Kd2 f3 26. Qg3 1-0

[Event "Brno CEZ Talent"]
[Site "?"]
[Date "2013.08.31"]
[Round "8"]
[White "Navratil, jiri"]
[Black "Cozinsky, Petr"]
[Result "0-1"]
[WhiteElo "2036"]
[BlackElo "2145"]
[PlyCount "74"]

1. e4 c5 2. Nf3 d6 3. d4 cxd4 4. Nxd4 Nf6 5. Nc3 a6 6. Be3 e5 7. Nb3 Be7 8. f3
Be6 9. Qd2 O-O 10. O-O-O a5 11. Bb5 Na6 12. Kb1 Nc7 13. Ba4 b5 14. Nxb5 Nxb5
15. Bxb5 a4 16. Nc1 Qc7 17. g4 Rfb8 18. Bd3 Qb7 19. b3 Nd7 20. Qc3 Rc8 21. Qb2
Nb6 22. bxa4 Rxa4 23. Qxb6 Rb4+ 24. Qxb4 Qxb4+ 25. Nb3 Ra8 26. Rd2 Qc3 27. Rdd1
Qb4 28. Rd2 d5 29. exd5 Bxd5 30. Bxh7+ Kxh7 31. Rxd5 Qa4 32. Rhd1 Qxa2+ 33. Kc1
Ba3+ 34. Kd2 Rc8 35. Bc5 Rxc5 36. Rxc5 Bxc5 37. Nxc5 Qa5+ 0-1

[Event "Brno CEZ Talent"]
[Site "?"]
[Date "2013.08.31"]
[Round "8"]
[White "Meszaros, Ludek"]
[Black "Majer, Jiri"]
[Result "0-1"]
[WhiteElo "2106"]
[BlackElo "2044"]
[PlyCount "110"]

1. e4 c6 2. d3 d5 3. Nd2 e5 4. Ngf3 Bd6 5. g3 Nf6 6. Bg2 O-O 7. O-O Qc7 8. h3
h6 9. Re1 Re8 10. Nf1 Nbd7 11. Nh4 Nf8 12. Qf3 N8h7 13. Nf5 Ng5 14. Nxh6+ gxh6
15. Bxg5 hxg5 16. Qxf6 Be7 17. Qh6 d4 18. Nh2 Qd6 19. Qxd6 Bxd6 20. Nf3 f6 21.
h4 Bb4 22. Rf1 Bg4 23. hxg5 Bxf3 24. Bxf3 fxg5 25. Kg2 Kg7 26. Rh1 Rh8 27. Rxh8
Rxh8 28. Bg4 Kf6 29. Rf1 Bd2 30. Rd1 Bb4 31. a3 Bd6 32. Ra1 a5 33. c3 dxc3 34.
bxc3 a4 35. Kf3 Bc5 {(R)} 36. Kg2 Rd8 37. Be2 b5 38. f4 gxf4 39. gxf4 exf4 40.
d4 Be7 41. Kf3 Rh8 42. Kxf4 Rh2 43. Ke3 Rh3+ 44. Bf3 c5 45. Rb1 cxd4+ 46. cxd4
Bxa3 47. Rxb5 Bc1+ 48. Kf2 a3 49. Ra5 Bb2 50. Kg2 Rh8 51. Ra6+ Kg5 52. d5 Kf4
53. Ra4 Rc8 54. Kf2 Rc2+ 55. Be2 a2 0-1

[Event "Brno CEZ Talent"]
[Site "?"]
[Date "2013.08.31"]
[Round "8"]
[White "Pokorny, Petr"]
[Black "Dirgas, Josef"]
[Result "1-0"]
[WhiteElo "2194"]
[BlackElo "2024"]
[PlyCount "77"]

1. d4 d5 2. c4 c6 3. Nf3 Nf6 4. Nc3 e6 5. Bg5 Nbd7 6. cxd5 exd5 7. e3 Be7 8.
Qc2 O-O 9. Bd3 h6 10. Bf4 Nh5 11. Be5 Nxe5 12. Nxe5 Nf6 13. O-O-O Qd6 14. Rhg1
c5 15. g4 cxd4 16. exd4 a6 17. g5 Nh5 18. Bh7+ Kh8 19. g6 f5 20. Qe2 Nf6 21.
Rde1 Nxh7 22. gxh7 Kxh7 23. Ng6 Bg5+ 24. Rxg5 Rf6 25. Reg1 hxg5 26. Qh5+ Kg8
27. Qh8+ Kf7 28. Ne5+ Ke7 29. Qg8 Rf8 30. Qxg7+ Kd8 31. Rxg5 Qe7 32. Qh6 Be6
33. Ng6 Rf6 34. Qh8+ Kc7 35. Nxe7 Rxh8 36. Nexd5+ Kd6 37. Nxf6 Rxh2 38. d5 Ke5
39. Ng4+ 1-0

[Event "Brno CEZ Talent"]
[Site "?"]
[Date "2013.08.31"]
[Round "8"]
[White "Panis, Radim"]
[Black "Stehlik, Jiri"]
[Result "0-1"]
[WhiteElo "2052"]
[BlackElo "2008"]
[PlyCount "166"]

1. e4 d6 2. d4 Nf6 3. Nc3 g6 4. Be3 c6 5. h3 Nbd7 6. Qd2 b5 7. Bd3 Bb7 8. f4 e5
9. Nf3 Qe7 10. O-O-O Bg7 11. g4 h6 12. g5 hxg5 13. fxg5 Nh5 14. d5 a6 15. dxc6
Bxc6 16. Be2 Ng3 17. Rh2 Nxe4 18. Nxe4 Bxe4 19. Qxd6 Qxd6 20. Rxd6 Ke7 21. Rd1
Rhc8 22. c3 Nc5 23. Ne1 Rc7 24. Nc2 Rd8 25. Rxd8 Kxd8 26. Nb4 Bb7 27. Bg4 Ke8
28. Rd2 Ne4 29. Rd1 f5 30. gxf6 Nxf6 31. Be6 Nd7 32. Rg1 Nf8 33. Bb3 a5 34. Bb6
Rd7 35. Bxa5 Bh6+ 36. Kb1 e4 37. c4 e3 38. c5 Be4+ 39. Ka1 Bg7 40. c6 Rd2 41.
Nc2 Rg2 42. Rxg2 Bxg2 43. c7 Kd7 44. Nxe3 Bb7 45. Bd1 Be5 46. Bg4+ Ne6 47. Nd5
Bxd5 48. h4 Bxc7 49. Bd2 Bd8 50. h5 gxh5 51. Bxh5 Bf6 52. Bd1 Nc5 53. Bc2 Na4
54. Bxa4 bxa4 55. Bc3 Be7 56. b3 a3 57. Bg7 Be4 58. Bc3 Kc6 59. Bg7 Kd5 60. Bc3
Bc2 61. Bg7 Ke4 62. Bc3 Kd3 63. Bg7 Bc5 64. Bf6 Kd2 65. Bg5+ Ke2 66. Bf6 Be4
67. b4 Bxb4 68. Be5 Kd3 69. Bb2 axb2+ 70. Kxb2 Kc4 71. a4 Ba5 72. Ka3 Kc3 73.
Ka2 Bc2 74. Ka1 Bb4 75. Ka2 Bb3+ 76. Kb1 Ba5 77. Kc1 Bb4 78. Kb1 Bc4 79. Kc1
Be2 80. Kb1 Kb3 81. Kc1 Bc3 82. Kb1 Bb2 83. a5 Bd3# 0-1

[Event "Brno CEZ Talent"]
[Site "?"]
[Date "2013.08.31"]
[Round "8"]
[White "Hosek, Martin"]
[Black "Paulik, Martin"]
[Result "1/2-1/2"]
[WhiteElo "2008"]
[BlackElo "1875"]
[PlyCount "72"]

1. d4 Nf6 2. c4 c5 3. d5 b5 4. Nd2 bxc4 5. e4 d6 6. Bxc4 g6 7. b3 Bg7 8. Bb2
O-O 9. Ngf3 Nbd7 10. Qc2 a5 11. O-O Ba6 12. Rfe1 Qb6 13. e5 dxe5 14. Nxe5 Nxe5
15. Rxe5 Bxc4 16. Nxc4 Qb7 17. Rd1 Rfd8 18. d6 exd6 19. Nxd6 Qd7 20. Rxc5 Ra6
21. Rc7 Qg4 22. Rc8 Rxc8 23. Qxc8+ Qxc8 24. Nxc8 h6 25. Ne7+ Kh7 26. Kf1 Re6
27. Nd5 Nxd5 28. Bxg7 Rd6 29. Bd4 Nc3 30. Rd2 Ne4 31. Rd1 Nc3 32. Rc1 Nxa2 33.
Rc4 Nc1 34. Rxc1 Rxd4 35. Ke2 Rb4 36. Rc3 a4 {(R)} 1/2-1/2

[Event "Brno CEZ Talent"]
[Site "?"]
[Date "2013.08.31"]
[Round "8"]
[White "von Keyserlingk, Chanda"]
[Black "Novak, Vitezslav"]
[Result "1/2-1/2"]
[WhiteElo "1673"]
[BlackElo "1970"]
[PlyCount "29"]

1. d4 d5 2. c4 c6 3. cxd5 cxd5 4. Nc3 Nf6 5. Nf3 e6 6. e3 Nc6 7. Bd3 Bd7 8. O-O
a6 9. Ne5 Bd6 10. f4 Qc7 11. Bd2 Nb4 12. Be2 O-O 13. a3 Nc6 14. Rc1 Ne8 15. Bd3
{(R)} 1/2-1/2

[Event "Brno CEZ Talent  "]
[Site "?"]
[Date "2013.08.31"]
[Round "8"]
[White "Zeman, Arnost"]
[Black "Zeman, Radek"]
[Result "1/2-1/2"]
[WhiteElo "2002"]
[BlackElo "1895"]
[PlyCount "108"]

1. Nf3 Nf6 2. d4 d5 3. Nbd2 e6 4. e3 Be7 5. Bd3 O-O 6. Ne5 c5 7. c3 b6 8. f4
Bb7 9. Qf3 Qc7 10. g4 cxd4 11. exd4 Nc6 12. O-O Ne8 13. Qh3 g6 14. Ndf3 Nxe5
15. fxe5 f5 16. gxf5 exf5 17. Kf2 Qd7 18. Bh6 Rf7 19. Rae1 Qa4 20. e6 Rg7 21.
Bxg7 Kxg7 22. Rg1 Nd6 23. a3 Ne4+ 24. Kg2 Rg8 25. Rgf1 Bc8 26. Bxe4 dxe4 27.
Nd2 Bxe6 28. Kg1 Qd7 29. Qe3 Bf6 30. Re2 b5 31. Ref2 Rf8 32. Qf4 {(R)} Qe7 33.
Nxe4 fxe4 34. Qxe4 Bc4 35. Qxe7+ Bxe7 36. Rxf8 Bxf8 37. Re1 Kf6 38. Re8 Bd6 39.
Ra8 a5 40. Rxa5 h5 41. a4 bxa4 42. Rxa4 Bb3 43. Ra6 Ke6 44. Rb6 Bc2 45. c4 Kd7
46. c5 Bf4 47. b4 Be4 48. Kf2 Bxh2 49. b5 Bd5 50. Rxg6 h4 51. b6 Bg3+ 52. Ke3
h3 53. Rg7+ Kc8 54. Rxg3 h2 1/2-1/2

[Event "Brno CEZ Talent"]
[Site "?"]
[Date "2013.08.31"]
[Round "8"]
[White "Martisek, Karel"]
[Black "Messerschmidt, Stanislav"]
[Result "0-1"]
[WhiteElo "1872"]
[BlackElo "1993"]
[PlyCount "138"]

1. e4 g6 2. Nf3 Bg7 3. d4 c6 4. Be2 d5 5. e5 Bg4 6. Nbd2 e6 7. h3 Bxf3 8. Nxf3
c5 9. c3 Nc6 10. Bb5 Qb6 11. Bxc6+ Qxc6 12. Be3 b6 13. O-O Ne7 14. Qd2 Qc7 15.
Nh2 h5 16. f4 Nf5 17. Bf2 h4 18. Nf3 Bf8 19. Qe2 c4 20. a4 Be7 21. Nh2 Kf8 22.
Ng4 Kg7 23. Ne3 a5 24. Qf3 Rh6 25. Rfb1 Rb8 26. Ng4 Rhh8 27. Ne3 Nxe3 28. Bxe3
b5 29. Qd1 b4 30. Bd2 Rb6 31. Qe1 Qb7 32. Kh2 Qb8 33. Kh1 Qb7 34. Kh2 Rb8 35.
Rc1 Qc8 36. Kh1 Qh8 37. Kh2 Qh5 38. Qd1 Qf5 39. Qf3 bxc3 40. Bxc3 Bb4 41. Qg4
Bxc3 42. Qxf5 gxf5 43. bxc3 Rb2 44. Kh1 R8b3 45. Kg1 Rd2 46. Rab1 Rbb2 47. Rxb2
Rxb2 48. Ra1 Rb3 49. Rc1 Ra3 50. g3 hxg3 51. Kg2 Rxa4 52. Kxg3 Ra2 53. h4 a4
54. Kf3 a3 55. Rg1+ Kh7 56. h5 Rc2 57. Kg3 Rxc3+ 58. Kh4 a2 59. Kg5 Rg3+ 60.
Rxg3 a1=Q 61. Kf6 {(R)} Qxd4 62. Rg7+ Kh6 63. Rxf7 c3 64. Kxe6 Qb6+ 65. Kxf5 c2
66. e6 c1=Q 67. Rf6+ Kxh5 68. Rf8 Qc2+ 69. Kf6 Qg6+ 0-1

[Event "Brno CEZ Talent"]
[Site "?"]
[Date "2013.08.31"]
[Round "8"]
[White "Stanek, Stanislav"]
[Black "Hrdlicka, Vladan"]
[Result "0-1"]
[WhiteElo "1967"]
[BlackElo "1686"]
[PlyCount "64"]

1. Nc3 e5 2. e4 Nc6 3. a3 Nf6 4. Bc4 Nxe4 5. Bxf7+ Kxf7 6. Nxe4 Be7 7. Qf3+ Bf6
8. Ne2 Rf8 9. Ng5+ Kg8 10. Qd5+ Kh8 11. Nf7+ Rxf7 12. Qxf7 d5 13. Qh5 g6 14.
Qf3 e4 15. Qb3 Bg4 16. c3 Ne5 17. d4 Nd3+ 18. Kf1 Bxe2+ 19. Kxe2 Qd7 20. h3 Qf5
21. Be3 Bh4 22. Raf1 Rf8 23. f4 Bg3 24. Kd2 Rf6 25. Qxb7 Rb6 26. Qa8+ Kg7 27.
b4 Ra6 28. Ra1 Bxf4 29. Rhf1 Bxe3+ 30. Kc2 Bf2 31. Qb7 e3 32. g4 Nxb4+ 0-1

[Event "Brno CEZ Talent"]
[Site "?"]
[Date "2013.08.31"]
[Round "8"]
[White "Effenberger, Adam"]
[Black "Vesely, Jaromir"]
[Result "1/2-1/2"]
[WhiteElo "1700"]
[BlackElo "1961"]
[PlyCount "57"]

1. e4 e6 2. d4 d5 3. Nc3 Nf6 4. Bg5 Be7 5. e5 Nfd7 6. Bxe7 Qxe7 7. Nb5 Nf8 8.
c3 a6 9. Na3 c5 10. f4 cxd4 11. cxd4 Qb4+ 12. Qd2 Qxd2+ 13. Kxd2 Ng6 14. g3 Nc6
15. Nf3 Bd7 16. Nc2 Nge7 17. Bd3 f6 18. b4 O-O 19. a3 fxe5 20. dxe5 h6 21. Ncd4
Nxd4 22. Nxd4 Nc6 23. Ke3 g5 24. Nxc6 Bxc6 25. Rhf1 gxf4+ 26. Rxf4 Rxf4 27.
gxf4 Kf7 28. Rg1 Rh8 29. h4 1/2-1/2

[Event "Brno CEZ Talent"]
[Site "?"]
[Date "2013.08.31"]
[Round "8"]
[White "Licka, Vlastimil"]
[Black "Lisik, Miroslav"]
[Result "1/2-1/2"]
[WhiteElo "1959"]
[BlackElo "1667"]
[PlyCount "146"]

1. e4 c5 2. Nf3 g6 3. Nc3 Bg7 4. d4 cxd4 5. Nxd4 Nc6 6. Be3 Nf6 7. Nxc6 bxc6 8.
e5 Ng8 9. f4 d6 10. Qf3 d5 11. Qf2 Qc7 12. Bd3 e6 13. O-O Ne7 14. Bc5 O-O 15.
Bd6 Qd8 16. Qc5 Re8 17. Na4 Bb7 18. Qd4 Qxd6 19. c3 Qc7 20. b4 a5 21. Nc5 Nf5
22. Bxf5 exf5 23. Rfe1 Bf8 24. a4 Bxc5 25. Qxc5 Bc8 26. b5 Qa7 27. b6 Qb7 28.
Rab1 Re7 29. Kf2 Qd7 30. h4 Qe8 31. Re3 Rb7 32. Re2 Qf8 33. Qxc6 Qd8 34. g3 Ra6
35. Reb2 Rb8 36. Qc5 Bb7 37. Qd4 Qc8 38. Qe3 Qc4 39. Qd4 Qxd4+ 40. cxd4 Bc6 41.
b7 Ra7 42. Rc1 Raxb7 43. Rxb7 Bxb7 44. Rb1 Kf8 45. h5 Ke7 46. hxg6 hxg6 47. Rb5
Kd7 48. Rxa5 Ra8 49. Rb5 Bc6 50. Rb2 Rxa4 51. Rd2 Bb5 52. Kg2 Bc4 53. Kh3 Ra8
54. Rb2 Rh8+ 55. Kg2 Rc8 56. Kh3 Rh8+ 57. Kg2 Kc6 58. Rb4 Bd3 59. Rb3 Be4+ 60.
Kg1 Rh1+ 61. Kf2 Rb1 62. Ra3 Kd7 63. Ra7+ Ke8 64. Ra8+ Ke7 65. Ra7+ Kf8 66.
Ra8+ Kg7 67. Ra7 Rb4 68. e6 Rb6 69. Rxf7+ Kg8 70. Rf6 Kg7 71. Rf7+ Kg8 72. Rf6
Kg7 73. Rf7+ Kg8 1/2-1/2

[Event "Brno CEZ Talent"]
[Site "?"]
[Date "2013.08.31"]
[Round "8"]
[White "Hradsky, Ales"]
[Black "Sikora, Lukas"]
[Result "0-1"]
[WhiteElo "1768"]
[BlackElo "1954"]
[PlyCount "114"]

1. e4 d6 2. Nf3 Nf6 3. c3 Nc6 4. Qc2 e5 5. Be2 Be7 6. O-O O-O 7. a3 Ne8 8. d4
f5 9. d5 Nb8 10. Nbd2 c6 11. c4 fxe4 12. Nxe4 Bf5 13. Bd3 cxd5 14. cxd5 Qd7 15.
Neg5 h6 16. Bxf5 Qxf5 17. Qxf5 Rxf5 18. Ne4 Nd7 19. Rd1 b6 20. Be3 Nc5 21. Bxc5
bxc5 22. b4 Rf4 23. Nfd2 Nf6 24. f3 Nxd5 25. bxc5 dxc5 26. Nc4 Nf6 27. Nxe5
Nxe4 28. Ng6 Rf7 29. fxe4 Bg5 30. h4 Be3+ 31. Kh2 Bd4 32. Rab1 h5 33. g3 Re8
34. Nf4 Rxe4 35. Nxh5 Rf2+ 36. Kh3 Re3 37. Re1 Rxe1 38. Rxe1 Bb2 39. Re4 Bxa3
40. Ra4 Bb2 41. Rxa7 c4 42. Rb7 Be5 43. Re7 Bd4 44. Rd7 Rd2 45. Nxg7 c3 46. Nf5
c2 47. Rc7 Bb2 48. Ne7+ Kf8 49. Ng6+ Ke8 50. h5 c1=Q 51. Rxc1 Bxc1 52. Kg4 Kf7
53. Kf5 Rd5+ 54. Ne5+ Kg7 55. Ke6 Ra5 56. g4 Bb2 57. Nf3 Kh6 0-1

[Event "Brno CEZ Talent"]
[Site "?"]
[Date "2013.08.31"]
[Round "8"]
[White "Kuchynka, Lubos"]
[Black "Kaplan, Milan"]
[Result "1-0"]
[WhiteElo "2038"]
[BlackElo "1000"]
[PlyCount "115"]

1. d4 Nf6 2. c4 e6 3. Nc3 Bb4 4. e3 O-O 5. Bd3 d5 6. Nf3 c5 7. O-O Bxc3 8. bxc3
dxc4 9. Bxc4 b6 10. Ne5 Ba6 11. Qf3 Bxc4 12. Nxc4 Na6 13. Ba3 Nd7 14. e4 Qc7
15. Rac1 Rfd8 16. e5 f5 17. Nd6 Rab8 18. Rb1 b5 19. Qh5 g6 20. Qh4 b4 21. Bb2
Rf8 22. Qe7 Nxe5 23. Qxc7 Nf3+ 24. gxf3 Nxc7 25. dxc5 b3 26. axb3 Rxb3 27. Ba1
Rfb8 28. Rbd1 a5 29. Nc4 R8b5 30. Rd7 Rxc5 31. Nxa5 Ra3 32. Rb1 Rb5 33. Bb2
Rxc3 34. Bxc3 Rxb1+ 35. Kg2 Nd5 36. Be5 Rb5 37. Nc4 Rc5 38. Rg7+ Kf8 39. Bd6+
Kxg7 40. Bxc5 Nf4+ 41. Kf1 h5 42. Be7 Kh6 43. h4 Kg7 44. Ne5 Nd5 45. Bg5 Nf6
46. Bxf6+ Kxf6 47. f4 Kg7 48. Ke2 Kf6 49. Ke3 Kg7 50. Kd4 Kf6 51. Nf3 Ke7 52.
Ke5 Kf7 53. Kd6 Kf6 54. Ng5 Kg7 55. Kxe6 Kh6 56. Nf3 Kh7 57. Kf6 Kh6 58. Ne5
1-0

[Event "Brno CEZ Talent"]
[Site "?"]
[Date "2013.08.31"]
[Round "8"]
[White "Prokop, Jiri"]
[Black "Kopecek, Ivan"]
[Result "0-1"]
[WhiteElo "1758"]
[BlackElo "1933"]
[PlyCount "82"]

1. f4 Nf6 2. Nf3 d5 3. e3 Bf5 4. d4 e6 5. c3 Be7 6. Bd3 O-O 7. O-O c5 8. Ne5
Nc6 9. Nd2 Qb6 10. Ndf3 Bxd3 11. Qxd3 Ne4 12. Nd7 Qc7 13. Nxf8 Rxf8 14. Bd2 f6
15. Be1 Qb6 16. Rb1 c4 17. Qc2 Qa6 18. b3 Rc8 19. Nd2 cxb3 20. Rxb3 Qe2 21. Rb2
Qxe3+ 22. Bf2 Nxf2 23. Rxf2 Nxd4 24. Qd1 Bc5 25. Nf1 Qxc3 26. Kh1 b6 27. Qd2
Qxd2 28. Rfxd2 Nf5 29. Rbc2 d4 30. g4 Nd6 31. Ng3 Kf7 32. Ne2 Ne4 33. Rxd4 Nf2+
34. Kg2 Nxg4 35. Kg3 Ne3 36. Rc3 Nf5+ 37. Kg2 Nxd4 38. Nxd4 Rd8 39. Nb5 Rd2+
40. Kg3 Rxa2 41. Rd3 Ke7 0-1

[Event "Brno CEZ Talent"]
[Site "?"]
[Date "2013.08.31"]
[Round "8"]
[White "Zuziak, Petr"]
[Black "Kosina, Vladimir"]
[Result "1/2-1/2"]
[WhiteElo "1713"]
[BlackElo "1773"]
[PlyCount "73"]

1. d4 Nf6 2. Nf3 d5 3. e3 Bf5 4. Nh4 Bg4 5. Nf3 c6 6. Be2 e6 7. h3 Bh5 8. g4
Bg6 9. Ne5 Nbd7 10. Nxg6 hxg6 11. c4 Bd6 12. Nc3 Qe7 13. Qb3 Rb8 14. Bd2 dxc4
15. Qxc4 Nb6 16. Qb3 e5 17. O-O-O Rd8 18. Bd3 e4 19. Be2 O-O 20. f4 Rfe8 21. h4
Nfd5 {(R)} 22. h5 g5 23. f5 Qf6 24. Nxd5 cxd5 25. Kb1 Re7 26. Rc1 Rc7 27. Ba5
Rxc1+ 28. Rxc1 Bb8 29. Rc5 Qd6 30. Bxb6 axb6 31. Rc3 Kh7 32. Qd1 Kh6 33. Qc1
Kh7 34. a3 Kh6 35. Rc8 Qd7 36. Rxd8 Qxd8 37. Kc2 {(R)} 1/2-1/2